| 000 | 00798nam a2200217Ia 4500 | ||
|---|---|---|---|
| 003 | GCL | ||
| 008 | 140319s9999 xx 000 0 ara d | ||
| 040 |
_aGCL / _cGCL |
||
| 082 | 0 | 4 |
_a895.1 _bر ت |
| 100 | 1 | _aعبدالعزيز حمدى عبدالعزيز | |
| 245 | 1 | 0 |
_aتساى ون جى : _bمن روائع المسرح الصينى / _cعبدالعزيز حمدى عبدالعزيز |
| 700 | 1 | _aتشى، تشانغ يوى | |
| 700 | 1 | _aروا، كو مو | |
| 250 | _aالاولى | ||
| 260 |
_aالقاهرة : _bالمجلس الاعلى للثقافة ، _c2002 |
||
| 300 |
_a208 ص ؛ _c20 سم |
||
| 490 |
_aالمشروع القومى للترجمة _v0 |
||
| 650 | 0 | 4 | _aالمسرحيات الصينية المترجمة |
| 650 | 0 | 4 | _aالمسرح - الصين |
| 942 |
_2ddc _cBK |
||
| 999 |
_c9035 _d9035 |
||